00453nam a2200181 a 4500001001300000003000900013005001700022008004100039020002300080082001600103100001900119245002600138260002500164300000800189500003500197650002000232700001900252nice12345678IN_TiNIC20260116014930.0070926s1973 lona grp 000 0 eng  a0281027846 c10000a296.09bHEN aHengel, Martin aVictory Over Violence aLondon bSPCK c1973 a93p aincludes index and biblioraphy aJudaism-History1 aHengel, Martin